The case of the guy who makes you act like a chicken / The case of the felon with frosty fincers / (Record no. 23127)

MARC details
000 -LEADER
fixed length control field 02891nam a22003737a 4500
005 - DATE AND TIME OF LATEST TRANSACTION
control field 20090206101622.0
008 - FIXED-LENGTH DATA ELEMENTS--GENERAL INFORMATION
fixed length control field 090206t xxu||||| |||| 00| 1 eng d
010 ## - LCCN (DPL NO)
LC control number B-332486-496
020 ## - INTERNATIONAL STANDARD BOOK NUMBER
International Standard Book Number 9780340970843
Terms of availability 150.00
035 ## - SYSTEM CONTROL NUMBER
System control number B-332486-496
037 ## - SOURCE OF ACQUISITION
Source of stock number/acquisition Blueberry Books
040 ## - CATALOGING SOURCE
Original cataloging agency dpl
Language of cataloging English
082 ## - DEWEY DECIMAL CLASSIFICATION NUMBER
Classification number S
100 ## - MAIN ENTRY--PERSONAL NAME
Personal name Blyton, Enid
245 ## - TITLE STATEMENT
Title The case of the guy who makes you act like a chicken / The case of the felon with frosty fincers /
Statement of responsibility, etc by Enid Blyton
260 ## - PUBLICATION, DISTRIBUTION, ETC. (IMPRINT)
Place of publication, distribution, etc London
Name of publisher, distributor, etc Hodder Childern's Books
Date of publication, distribution, etc 2008
270 ## - ADDRESS
Address 338 Euston Road
City London
Postal code NW1 3 BH
300 ## - PHYSICAL DESCRIPTION
Extent 55p.:57p
Dimensions 20cm(pbk)
Other physical details ill.
490 ## - SERIES STATEMENT
Series statement Famous 5:case files 13 and 14
500 ## - GENERAL NOTE
General note 2 books bound in one vol.
942 ## - ADDED ENTRY ELEMENTS (KOHA)
Source of classification or shelving scheme Dewey Decimal Classification
Item type Children Books
Classification part S
Call number suffix BLY
Holdings
Withdrawn status Lost status Source of classification or shelving scheme Damaged status Not for loan Collection code Home library Current library Date acquired Source of acquisition Cost, normal purchase price Total Checkouts Full call number Barcode Date last seen Copy number Cost, replacement price Koha item type Public note
    Dewey Decimal Classification     Fiction Central Library Central Library 23/11/2009 Blueberry Books/5099/14.5.09/3/22.4.09/3.6.09 150.00 1 S BLY B-332489 21/06/2017 1 150.00 Children Books  
    Dewey Decimal Classification     Fiction Karol Bagh Karol Bagh 23/11/2009 Blueberry Books/5099/14.5.09/3/22.4.09/3.6.09 150.00   S BLY B-332494 23/11/2009 1 150.00 Children Books  
Written off   Dewey Decimal Classification     Fiction Mobile Library Mobile Library 06/02/2009 Blueberry Books/5099/14.5.09/3/22.4.09/3.6.09 150.00   S BLY B-332486 06/02/2009 2 150.00 Children Books Written off on approval by DLB (By Circulation); dtd 15-06-2023
    Dewey Decimal Classification     Fiction Mobile Library Mobile Library 23/11/2009 Blueberry Books/5099/14.5.09/3/22.4.09/3.6.09 150.00   S BLY B-332487 23/11/2009 2 150.00 Children Books  
    Dewey Decimal Classification     Fiction Narela Narela 23/11/2009 Blueberry Books/5099/14.5.09/3/22.4.09/3.6.09 150.00   S BLY B-332495 23/11/2009 1 150.00 Children Books  
    Dewey Decimal Classification     Fiction New Police Line New Police Line 23/11/2009 Blueberry Books/5099/14.5.09/3/22.4.09/3.6.09 150.00   S BLY B-332488 23/11/2009 1 150.00 Children Books  
    Dewey Decimal Classification     Fiction Patel Nagar Patel Nagar 23/11/2009 Blueberry Books/5099/14.5.09/3/22.4.09/3.6.09 150.00   S BLY B-332490 23/11/2009 1 150.00 Children Books  
Written off Written-off vide DLB M. No. 388 dt 23.02.22 Dewey Decimal Classification     Fiction Peshwa Road Peshwa Road 23/11/2009 Blueberry Books/5099/14.5.09/3/22.4.09/3.6.09 150.00   S BLY B-332491 23/11/2009 1 150.00 Children Books  
    Dewey Decimal Classification     Fiction Sarojini Nagar Sarojini Nagar 23/11/2009 Blueberry Books/5099/14.5.09/3/22.4.09/3.6.09 150.00 5 S BLY B-332492 20/08/2025 1 150.00 Children Books  
  Written-off vide DLB M. No. 383 dt 16.05.19 Dewey Decimal Classification     Fiction Shahdara Branch Shahdara Branch 23/11/2009 Blueberry Books/5099/14.5.09/3/22.4.09/3.6.09 150.00   S BLY B-332496 23/11/2009 1 150.00 Children Books  
    Dewey Decimal Classification     Fiction Vinoba Puri Vinoba Puri 23/11/2009 Blueberry Books/5099/14.5.09/3/22.4.09/3.6.09 150.00 11 S BLY B-332493 14/06/2016 1 150.00 Children Books  

© Delhi Public Library
Hit Counter
free hit counter